[Event "Cup Russia \"]
[Site "masterchessopen.com Internet"]
[Date "2004.09.30"]
[Round "0"]
[White "Kobalia Mikhail (RUS)"]
[Black "Turov Maxim (RUS)"]
[Result "0-1"]
[WhiteElo "2621"]
[BlackElo "2543"]

1.e4 c5 2.Nf3 Nc6 3.Bb5 g6 4.O-O Bg7 5.c3 Nf6 6.Re1 O-O 7.h3 e5 8.d4 cxd4
9.cxd4 Nxd4 10.Nxd4 Qb6 11.Na3 Qxd4 12.Bg5 Qxb2 13.Qf3 Nxe4 14.Be7 d5 15.Rab1
Qc3 16.Rbc1 Qa5 17.Qd3 Be6 18.f3 Ng3 19.Bxf8 Bxf8 20.Qc3 Qxa3 21.Qxe5 Bc5+
{#R} 0-1

[Event "Bayern Landesliga North 2004/05"]
[Site "masterchessopen.com Bayern (Germany)"]
[Date "2004.12.12"]
[Round "4"]
[White "Ivanov Victor L (RUS)"]
[Black "Schoenau Werner (GER)"]
[Result "1-0"]
[WhiteElo "2465"]
[BlackElo "2235"]

1.e4 c5 2.Nf3 Nc6 3.Bb5 g6 4.O-O Bg7 5.c3 Nf6 6.Re1 O-O 7.h3 d5 8.e5 Ne8
9.Bxc6 bxc6 10.d4 c4 11.b3 cxb3 12.axb3 Nc7 13.Nbd2 Ne6 14.b4 f6 15.Ra5 Nf4
16.Nb3 fxe5 17.Nxe5 Bxe5 18.Rxe5 Bxh3 19.Bxf4 Rxf4 20.gxh3 Qd7 21.Qd3 Rh4
22.Nc5 {#r} 1-0

[Event "It (open)"]
[Site "masterchessopen.com Nice (France)"]
[Date "2004.12.29"]
[Round "6"]
[White "Issermann Ryhar (GER)"]
[Black "Bailet Pierre (FRA)"]
[Result "1-0"]
[WhiteElo "2325"]
[BlackElo "2429"]

1.e4 c5 2.Nf3 Nc6 3.Bb5 g6 4.O-O Bg7 5.c3 e6 6.d4 cxd4 7.cxd4 Qb6 8.Bxc6 dxc6
9.Nc3 Ne7 10.Bg5 Qxb2 11.Qd3 Qa3 12.Rad1 Qd6 13.e5 Qc7 14.Ne4 O-O 15.Nf6+ Kh8
16.Qe4 Nf5 17.Qg4 h5 18.Qf4 Ne7 19.Bh6 Nd5 20.Qg5 Qd8 21.Nxh5 {#r} 1-0

[Event "Ch Germany (juniors) (under 20) (team)"]
[Site "masterchessopen.com Cologne (Germany)"]
[Date "2004.12.30"]
[Round "7"]
[White "Ly Kim-Long"]
[Black "Hartert Felix"]
[Result "1-0"]
[WhiteElo "1842"]
[BlackElo "1447"]

1.e4 c5 2.Nf3 Nc6 3.Bb5 g6 4.O-O Bg7 5.d3 e6 6.Bxc6 bxc6 7.e5 Ne7 8.Nbd2 Ba6
9.Ne4 O-O 10.Nxc5 Qc8 11.Ne4 Qc7 12.Bg5 Nf5 13.g4 Nh6 14.h3 Rab8 15.Qd2 Nxg4
16.hxg4 Rxb2 17.Bh6 Rfb8 18.Qf4 Rf8 19.Nf6+ Kh8 20.Kg2 {#r} 1-0

[Event "It (open)"]
[Site "masterchessopen.com Iraklion (Greece)"]
[Round "8"]
[White "Trivizas Mihail (GRE)"]
[Black "Galanos Dimitrios (GRE)"]
[Result "0-1"]
[WhiteElo "2057"]
[BlackElo "2177"]

1.e4 c5 2.Nf3 Nc6 3.Bb5 g6 4.O-O Bg7 5.Re1 Nf6 6.d3 O-O 7.h3 Ne8 8.Nc3 Nc7
9.Bxc6 dxc6 10.Bf4 Ne6 11.Be5 f6 12.Bg3 Nd4 13.Nd2 e5 14.f4 f5 15.exf5 Nxf5
16.Bh2 exf4 17.Nf3 Bd4+ 18.Nxd4 Nxd4 19.Ne4 f3 20.Qd2 fxg2 21.Qh6 Bf5 22.Ng5
Qxg5 {#R} 0-1

[Event "It (open)"]
[Site "masterchessopen.com Villa Ballester (Argentina)"]
[Date "2005.01.05"]
[Round "1"]
[White "Malbran Guillermo (ARG)"]
[Black "Pires Carlos (ARG)"]
[Result "1-0"]
[WhiteElo "2306"]
[BlackElo "1892"]

1.e4 c5 2.Nf3 Nc6 3.Bb5 g6 4.Bxc6 bxc6 5.O-O Bg7 6.Re1 d5 7.d3 Nf6 8.e5 Ng4
9.h3 Nh6 10.b3 O-O 11.Ba3 c4 12.dxc4 dxc4 13.Qxd8 Rxd8 14.Bxe7 Re8 15.Bg5 Ba6
16.Nbd2 cxb3 17.axb3 Bb7 18.Ne4 Nf5 19.g4 h6 20.gxf5 hxg5 21.Nd6 Reb8 22.Nxg5
{#r} 1-0

[Event "Ch France (team) (nat.2) 2004/05"]
[Site "masterchessopen.com France"]
[Date "2005.01.08"]
[Round "5"]
[White "Belkhodja Slim (TUN)"]
[Black "Serralta Michel (FRA)"]
[Result "1-0"]
[WhiteElo "2490"]
[BlackElo "2084"]

1.e4 c5 2.Nf3 Nc6 3.Bb5 g6 4.O-O Bg7 5.c3 Nf6 6.e5 Nd5 7.d4 cxd4 8.cxd4 O-O
9.Nc3 Nc7 10.Re1 Nxb5 11.Nxb5 a6 12.Nc3 d6 13.exd6 Qxd6 14.d5 Nb4 15.Bg5 e6
16.dxe6 Qxd1 17.Raxd1 Bxe6 18.Be7 Nxa2 19.Bxf8 Bxf8 20.Nd5 Rc8 21.Ng5 {#r} 1-0

[Event "It"]
[Site "masterchessopen.com Torres Novas (Portugal)"]
[Date "2005.01.10"]
[Round "8"]
[White "Damaso Rui (POR)"]
[Black "Frois Antonio (POR)"]
[Result "1-0"]
[WhiteElo "2446"]
[BlackElo "2354"]

1.e4 c5 2.Nf3 Nc6 3.Bb5 g6 4.O-O Bg7 5.c3 Nf6 6.d4 cxd4 7.cxd4 Nxe4 8.d5 Nd6
9.Bd3 Ne5 10.Nxe5 Bxe5 11.Re1 Bg7 12.Bf4 O-O 13.Nc3 b5 14.Rc1 Bb7 15.Nxb5 Qb6
16.Nxd6 exd6 17.b3 Qd4 18.Bxd6 Qxd5 19.Be4 Qxd1 20.Rcxd1 Bxe4 21.Bxf8 {#r} 1-0

[Event "Ch Australia (juniors) (under 12) (g)"]
[Site "masterchessopen.com Mt Buller (Australia)"]
[Date "2005.01.15"]
[Round "5"]
[White "Rozenblat Vanja (AUS)"]
[Black "Kinder Jessica (AUS)"]
[Result "1-0"]
[WhiteElo "1788"]
[BlackElo "1753"]

1.e4 c5 2.Nf3 Nc6 3.Bb5 g6 4.Bxc6 dxc6 5.d3 Bg7 6.h3 Nf6 7.Be3 b6 8.Qd2 O-O
9.Bh6 Ne8 10.Bxg7 Nxg7 11.Qh6 Qd6 12.Ng5 Qf4 13.Qxh7# 1-0

[Event "It (open)"]
[Site "masterchessopen.com Teheran (Iran)"]
[Date "2005.01.30"]
[Round "6"]
[White "Ardeshi Mehrdad (IRI)"]
[Black "Razmjouei Khosro (IRI)"]
[Result "1-0"]
[WhiteElo "2333"]
[BlackElo "2129"]

1.e4 c5 2.Nf3 Nc6 3.Bb5 g6 4.Bxc6 dxc6 5.d3 Bg7 6.Nc3 e5 7.Be3 b6 8.h3 Qc7
9.O-O h6 10.a3 Ne7 11.b4 cxb4 12.axb4 g5 13.d4 g4 14.Nxe5 Rg8 15.h4 Bxe5
16.dxe5 Qxe5 17.Qd2 Ng6 18.Bxb6 Qe7 19.Rfd1 Nxh4 20.Qd8+ Qxd8 21.Rxd8+ Ke7
22.Rxg8 {#r} 1-0

[Event "Czech League 2004/05 (2nd) (a)"]
[Site "masterchessopen.com Czech Republic"]
[Date "2005.02.06"]
[Round "7"]
[White "Kana Pavel (CZE)"]
[Black "Zwaschka Frantisek"]
[Result "1-0"]
[WhiteElo "2114"]
[BlackElo "1876"]

1.e4 c5 2.Nf3 Nc6 3.Bb5 g6 4.O-O Bg7 5.c3 e6 6.Bxc6 bxc6 7.d4 cxd4 8.cxd4 Nh6
9.Nc3 O-O 10.Bf4 f5 11.Bd6 Re8 12.e5 Nf7 13.Bc5 d5 14.Qa4 Bd7 15.Qa6 Ng5
16.Nxg5 Qxg5 17.f4 Qd8 18.Na4 Bf8 19.Rac1 Bxc5 20.Nxc5 Qb6 21.Qxb6 axb6
22.Nxd7 {#r} 1-0

[Event "Ch France (team) (nat.4) 2004/05"]
[Site "masterchessopen.com France"]
[Date "2005.02.07"]
[Round "5"]
[White "Bourdens Alain"]
[Black "Ricord Lucas (FRA)"]
[Result "0-1"]
[WhiteElo "1700"]
[BlackElo "1954"]

1.e4 c5 2.Nf3 Nc6 3.Bb5 g6 4.O-O Bg7 5.c3 d5 6.Bxc6+ bxc6 7.e5 Bg4 8.d4 cxd4
9.cxd4 Qb6 10.Nc3 e6 11.Na4 Qb5 12.b3 Ne7 13.Ba3 Nf5 14.Rc1 Rc8 15.Rc5 Qb7
16.Rc3 Qb5 17.h3 Bxf3 18.Rxf3 Bf8 19.Bc5 Bxc5 20.Nxc5 Qb4 21.Rf4 h5 22.Re1
{#R} 0-1

[Event "Cup Doeberl"]
[Site "masterchessopen.com Canberra (Australia)"]
[Date "2005.03.25"]
[Round "2"]
[White "Wallis Christopher (AUS)"]
[Black "Kordahi Nicholas (AUS)"]
[Result "1-0"]
[WhiteElo "2114"]
[BlackElo "1917"]

1.e4 c5 2.Nf3 Nc6 3.Bb5 g6 4.Bxc6 dxc6 5.d3 Bg7 6.h3 Nf6 7.Nc3 O-O 8.Be3 b6
9.Qd2 Re8 10.O-O Ba6 11.Bh6 Bh8 12.e5 Nd5 13.Ne4 c4 14.dxc4 Bxc4 15.Rfd1 Qc7
16.b3 Ba6 17.c4 f5 18.Neg5 Bxe5 19.Nxe5 Qxe5 20.cxd5 {#r} 1-0

[Event "Memorial V.Syre (open)"]
[Site "masterchessopen.com Issy Les Moulineaux (France)"]
[Date "2005.05.05"]
[Round "2"]
[White "Lebrun Xavier (FRA)"]
[Black "Hadet Emmanuel (FRA)"]
[Result "1-0"]
[WhiteElo "2194"]
[BlackElo "2045"]

1.e4 c5 2.Nf3 Nc6 3.Bb5 g6 4.c3 Bg7 5.d4 cxd4 6.cxd4 Qb6 7.Nc3 Nxd4 8.Nd5
Nxf3+ 9.Qxf3 Qd8 10.Bf4 e5 11.Qc3 Kf8 12.Bxe5 Bxe5 13.Qxe5 f6 14.Qd6+ {#r} 1-0

[Event "Ch France (team) (juniors) 2004/05"]
[Site "masterchessopen.com France"]
[Date "2005.05.14"]
[Round "8"]
[White "Vachier-Lagrave Maxime (FRA)"]
[Black "Huertas Guillaume (FRA)"]
[Result "1-0"]
[WhiteElo "2539"]
[BlackElo "1977"]

1.e4 c5 2.Nf3 Nc6 3.Bb5 g6 4.O-O Bg7 5.c3 e5 6.d4 cxd4 7.cxd4 exd4 8.Bf4 Nge7
9.Bd6 a6 10.Bd3 O-O 11.Nbd2 Re8 12.Qb3 b5 13.a4 Na5 14.Qc2 Nec6 15.axb5 Nb7
16.Ba3 Ne5 17.bxa6 Nxd3 18.axb7 Bxb7 19.Qxd3 Ba6 20.Nc4 d5 21.exd5 Qxd5 22.b3
{#r} 1-0

[Event "It (juniors)"]
[Site "masterchessopen.com Stockholm (Sweden)"]
[Date "2005.06.12"]
[Round "2"]
[White "Revelj Oskar (SWE)"]
[Black "Blomqvist Erik (SWE)"]
[Result "1-0"]
[WhiteElo "2099"]
[BlackElo "2107"]

1.e4 c5 2.Nf3 Nc6 3.Bb5 g6 4.Bxc6 dxc6 5.d3 Bg7 6.Nc3 e5 7.Be3 b6 8.h3 Ne7
9.Qd2 h6 10.O-O-O f5 11.g3 Be6 12.Rde1 Qd7 13.exf5 gxf5 14.Qe2 O-O-O 15.Bf4
exf4 16.Qxe6 fxg3 17.Qxe7 gxf2 18.Qxd7+ Kxd7 19.Ref1 Bxc3 20.bxc3 {#r} 1-0

[Event "It (open)"]
[Site "masterchessopen.com Balatonlelle (Hungary)"]
[Date "2005.06.24"]
[Round "7"]
[White "Szell Lajos (HUN)"]
[Black "Metaxasz Vaszilisz (HUN)"]
[Result "1-0"]
[WhiteElo "2180"]
[BlackElo "2111"]

1.e4 c5 2.Nf3 Nc6 3.Bb5 g6 4.c3 Bg7 5.O-O Nf6 6.Re1 O-O 7.d4 cxd4 8.cxd4 d5
9.e5 Ne4 10.Nc3 f5 11.exf6 Nxf6 12.h3 Nh5 13.Bg5 Bf6 14.Bh6 Bg7 15.Bxg7 Kxg7
16.Bxc6 bxc6 17.Qe2 e6 18.Ne5 Qb6 19.Rad1 Rb8 20.Na4 {#r} 1-0

[Event "Ch Greece (team)"]
[Site "masterchessopen.com Greece"]
[Date "2005.07.08"]
[Round "5"]
[White "Ikonomopoulou Maria (GRE)"]
[Black "Iordanidou Zoi (GRE)"]
[Result "1-0"]
[WhiteElo "2006"]
[BlackElo "1989"]

1.e4 c5 2.Nf3 Nc6 3.Bb5 g6 4.O-O Bg7 5.c3 d5 6.e5 d4 7.cxd4 cxd4 8.Qa4 Bd7
9.Re1 Rc8 10.Na3 a6 11.Bxc6 Bxc6 12.Qxd4 Bxf3 13.Qxd8+ Rxd8 14.gxf3 Rd5 15.d4
Rxd4 16.Be3 Rb4 17.Rac1 Kd7 18.Red1+ Ke6 19.Nc2 Rh4 20.Nd4+ Kxe5 21.Rc5+ {#r}
1-0

[Event "It (open)"]
[Site "masterchessopen.com Balaguer (Spain)"]
[Date "2005.07.18"]
[Round "1"]
[White "Castellanos Renier (ESP)"]
[Black "Moreno Perales Antonio (ESP)"]
[Result "1-0"]
[WhiteElo "2445"]
[BlackElo "2046"]

1.e4 c5 2.Nf3 Nc6 3.Bb5 g6 4.Bxc6 dxc6 5.d3 Bg7 6.h3 Nf6 7.Nc3 O-O 8.Bf4 Re8
9.Qd2 Nd7 10.Bh6 Bh8 11.h4 Nf8 12.h5 Qd6 13.hxg6 Qxg6 14.O-O-O Bg7 15.Ne2 e5
16.Ng3 Bg4 17.Rdg1 Re6 18.Be3 b6 19.Nh4 Qf6 20.f3 {#r} 1-0

[Event "Ch Slovenia (team) (juniors)"]
[Site "masterchessopen.com Slovenia"]
[Date "2005.08.24"]
[Round "6"]
[White "Banko Simon"]
[Black "Skrlep Jaka (SLO)"]
[Result "1-0"]
[WhiteElo "1500"]
[BlackElo "1923"]

1.e4 c5 2.Nf3 Nc6 3.Bb5 g6 4.O-O Bg7 5.Re1 d6 6.a4 e6 7.Nc3 Ne7 8.Nd5 O-O
9.Nxe7+ Qxe7 10.Bxc6 bxc6 11.a5 Ba6 12.e5 d5 13.d3 Rab8 14.Bg5 Qc7 15.b3 h6
16.Bf6 Qb7 17.Ra4 Qc7 18.Qd2 Rb5 19.Rh4 Qxa5 20.Qxh6 {#r} 1-0

[Event "It (open)"]
[Site "masterchessopen.com Las Palmas (Spain)"]
[Date "2005.12.01"]
[Round "8"]
[White "Vega Gutierrez Sabrina (ESP)"]
[Black "Marrero Falcon Hector Xarach"]
[Result "1-0"]
[WhiteElo "2210"]
[BlackElo "1920"]

1.e4 c5 2.Nf3 Nc6 3.Bb5 g6 4.O-O Bg7 5.c3 Nf6 6.Qa4 O-O 7.d4 Qb6 8.e5 Nd5 9.c4
Ndb4 10.dxc5 Qc7 11.Nc3 Nd3 12.Nd5 Qd8 13.Bg5 Re8 14.Qa3 Ncxe5 15.Nxe5 Nxe5
16.c6 f6 17.c7 {#r} 1-0

[Event "It (open)"]
[Site "masterchessopen.com Porec (Croatia)"]
[Date "2005.12.04"]
[Round "7"]
[White "Juras Zvonko (CRO)"]
[Black "Licardo Renato (CRO)"]
[Result "0-1"]
[WhiteElo "1957"]
[BlackElo "2151"]

1.e4 c5 2.Nf3 Nc6 3.Bb5 g6 4.Bxc6 bxc6 5.d4 Ba6 6.Nc3 Bg7 7.Ne2 cxd4 8.Nfxd4
Nf6 9.Ng3 O-O 10.Nde2 h5 11.h4 Qa5+ 12.Qd2 Qb6 13.Rb1 Ng4 14.O-O Bf6 15.Nh1
Bxh4 16.g3 Bf6 17.Kg2 Bg7 18.f3 Bh6 19.Nf4 Bxf1+ 20.Kxf1 Qa6+ 21.Kg2 Qxa2
22.fxg4 Qxb1 {#R} 0-1

[Event "It (open)"]
[Site "masterchessopen.com Moscow (Russia)"]
[Date "2006.01.30"]
[Round "2"]
[White "Prudnikova Ekaterina (RUS)"]
[Black "Kuzevanova Evgenia (RUS)"]
[Result "0-1"]
[WhiteElo "2166"]
[BlackElo "2191"]

1.e4 c5 2.Nf3 Nc6 3.Bb5 g6 4.O-O Bg7 5.Re1 Nf6 6.c3 O-O 7.d4 cxd4 8.cxd4 d5
9.e5 Ne4 10.h3 Bf5 11.Nbd2 Rc8 12.Nb3 Qb6 13.Bxc6 Rxc6 14.Nh4 Bc8 15.f3 Ng3
16.Bf4 Nf5 17.Nxf5 Bxf5 18.Rc1 Rfc8 19.Rxc6 Rxc6 {#R} 0-1

[Event "It (open)"]
[Site "masterchessopen.com Leutersdorf (Germany)"]
[Round "2"]
[White "Moehle Hans-Bernd"]
[Black "Rutkowski Maciej (POL)"]
[Result "0-1"]
[WhiteElo "1985"]
[BlackElo "2296"]

1.e4 c5 2.Nf3 Nc6 3.Bb5 g6 4.Nc3 Bg7 5.d3 Nd4 6.Nxd4 cxd4 7.Ne2 Qa5+ 8.Bd2
Qxb5 9.Qc1 d5 10.a4 Qc6 11.Ng3 dxe4 12.dxe4 Nf6 13.O-O O-O 14.Bh6 Nxe4 15.Nxe4
Qxe4 16.Bxg7 Kxg7 17.Re1 Qg4 18.Qd2 Be6 19.Ra3 Rac8 20.Rxe6 fxe6 21.Rh3 Qf4
22.Qe2 Qc1+ {#R} 0-1

[Event "Tournament"]
[Site "masterchessopen.com Nancy (France)"]
[Date "2006.02.23"]
[Round "5"]
[White "Delorme Laurie (FRA)"]
[Black "Woehrel Hermann (FRA)"]
[Result "0-1"]
[WhiteElo "2057"]
[BlackElo "2157"]

1.e4 c5 2.Nf3 Nc6 3.Bb5 g6 4.Bxc6 dxc6 5.d3 Bg7 6.O-O e5 7.h3 Qe7 8.Be3 Nf6
9.Qd2 Nd7 10.Nc3 Nf8 11.Nh2 Ne6 12.a4 b6 13.Bg5 {#R} 0-1

[Event "Ch Ukraine (1/2 final) (w)"]
[Site "masterchessopen.com Evpatoria (Ukraine)"]
[Date "2006.04.02"]
[Round "5"]
[White "Kovaleva Natalia (UKR)"]
[Black "Finkelshtein Evgenia (UKR)"]
[Result "0-1"]
[WhiteElo "2132"]
[BlackElo "2118"]

1.e4 c5 2.Nf3 Nc6 3.Bb5 g6 4.Bxc6 dxc6 5.d3 Bg7 6.h3 Nh6 7.Nc3 f6 8.Be3 b6
9.Qd2 Nf7 10.O-O e5 11.Nh2 g5 12.Ne2 h5 13.Ng3 g4 14.hxg4 hxg4 15.Nf5 Bxf5
16.exf5 Qd7 17.Qe2 Qxf5 18.Nxg4 Qh5 19.f3 f5 20.Nxe5 Bxe5 21.Bd2 O-O-O {#R}
0-1

[Event "Ch France (team) (nat.2) 2005/06"]
[Site "masterchessopen.com France"]
[Date "2006.04.02"]
[Round "11"]
[White "Cappon John (FRA)"]
[Black "Golema Philippe (FRA)"]
[Result "1-0"]
[WhiteElo "2240"]
[BlackElo "1992"]

1.e4 c5 2.Nf3 Nc6 3.Bb5 g6 4.O-O Bg7 5.c3 a6 6.Ba4 Nf6 7.Qe2 b5 8.Bc2 O-O 9.d4
cxd4 10.cxd4 Nb4 11.Bb3 d5 12.e5 Ne4 13.Ne1 Nc6 14.Be3 f6 15.f3 Ng5 16.Nc3 e6
17.f4 fxe5 18.fxe5 b4 19.Rxf8+ Kxf8 20.Nf3 Ne4 21.Ng5 bxc3 {#r} 1-0

[Event "It (open)"]
[Site "masterchessopen.com Elancourt (France)"]
[Date "2006.04.22"]
[Round "8"]
[White "Larramendy Pierre (FRA)"]
[Black "Acco David (FRA)"]
[Result "1-0"]
[WhiteElo "1999"]
[BlackElo "1961"]

1.e4 c5 2.Nf3 Nc6 3.Bb5 g6 4.O-O Bg7 5.c3 e5 6.d4 cxd4 7.cxd4 Nxd4 8.Nxd4 exd4
9.Bf4 Ne7 10.Na3 O-O 11.Bd6 Re8 12.Qb3 Nc6 13.Bc4 Qf6 14.Nb5 Na5 15.Qb4 Nxc4
16.Qxc4 Qe6 17.Rac1 Qxc4 18.Rxc4 Re6 19.Rfc1 {#r} 1-0

[Event "Ch Tenerife (team)"]
[Site "masterchessopen.com Tenerife (Spain)"]
[Date "2006.05.03"]
[Round "11"]
[White "Rodriguez Falcon Jesus (ESP)"]
[Black "Hormiga Amador Miguel Angel (ESP)"]
[Result "0-1"]
[WhiteElo "2050"]
[BlackElo "2084"]

1.e4 c5 2.Nf3 Nc6 3.Bb5 g6 4.O-O Bg7 5.c3 d6 6.Re1 Bd7 7.d4 Nf6 8.Nbd2 O-O
9.b3 Nxd4 10.Nxd4 cxd4 11.Bxd7 dxc3 12.Bh3 cxd2 13.Bxd2 Nd7 14.Rc1 Nc5 15.Bc3
Bxc3 16.Rxc3 Qa5 17.Qc2 Na6 18.Qb2 Nb4 19.a3 Nd3 20.b4 Qe5 21.Qd2 Nxe1 22.Qxe1
{#R} 0-1

[Event "Ch Germany (juniors) (under 14)"]
[Site "masterchessopen.com Willingen (Germany)"]
[Date "2006.06.09"]
[Round "9"]
[White "Bart Simon (GER)"]
[Black "Belger Christian (GER)"]
[Result "1-0"]
[WhiteElo "2002"]
[BlackElo "1969"]

1.e4 c5 2.Nf3 Nc6 3.Bb5 g6 4.Bxc6 dxc6 5.h3 Bg7 6.d3 e5 7.Be3 b6 8.Nbd2 Ne7
9.O-O O-O 10.Nc4 Qc7 11.Qd2 Be6 12.Na3 f5 13.Bh6 fxe4 14.Bxg7 Kxg7 15.Ng5 Bf5
16.dxe4 Bc8 17.Qc3 Rf6 18.Nc4 Ba6 19.Nxe5 Bxf1 20.Ng4 Rf8 21.Ne6+ {#r} 1-0

[Event "It (open)"]
[Site "masterchessopen.com Latschach (Austria)"]
[Date "2006.08.15"]
[Round "5"]
[White "Wochein Marco (AUT)"]
[Black "Bergen Peter (AUT)"]
[Result "0-1"]
[WhiteElo "2040"]
[BlackElo "2210"]

1.e4 c5 2.Nf3 Nc6 3.Bb5 g6 4.O-O Bg7 5.c3 Qb6 6.Na3 Nf6 7.Re1 O-O 8.d4 cxd4
9.cxd4 d5 10.e5 Ne4 11.Qa4 Bd7 12.Qb3 e6 13.Qd1 Nxe5 14.Nxe5 Bxb5 15.Bf4 Be8
16.Rb1 Rc8 17.Qd3 f6 18.Ng4 g5 19.Bc1 Bg6 {#R} 0-1

[Event "Ch Slovenia (team) (youth)"]
[Site "masterchessopen.com Otocec (Slovenia)"]
[Date "2006.08.20"]
[Round "3"]
[White "Hrenic Misa (SLO)"]
[Black "Kokol Peter (SLO)"]
[Result "0-1"]
[WhiteElo "2010"]
[BlackElo "2183"]

1.e4 c5 2.Nf3 Nc6 3.Bb5 g6 4.Bxc6 dxc6 5.O-O Bg7 6.Re1 e5 7.d3 Qe7 8.Nbd2 Nh6
9.Nc4 f6 10.h3 Be6 11.Be3 Nf7 12.Ncd2 b6 13.c3 O-O 14.d4 cxd4 15.cxd4 exd4
16.Nxd4 Bd7 17.Qc2 c5 18.Ne2 f5 19.Nc3 Ne5 20.Nd5 Qf7 21.Nf4 g5 {#R} 0-1

[Event "It (open) (b)"]
[Site "masterchessopen.com Tilburg (Netherlands)"]
[Date "2006.08.20"]
[Round "6"]
[White "Riet Arnold"]
[Black "Peelman Lieven"]
[Result "1-0"]
[WhiteElo "1945"]
[BlackElo "1860"]

1.e4 c5 2.Nf3 Nc6 3.Bb5 g6 4.O-O Bg7 5.c3 e6 6.d4 cxd4 7.cxd4 Nge7 8.Nc3 d5
9.exd5 Nxd5 10.Bxc6+ bxc6 11.Ne5 Qc7 12.Nxd5 cxd5 13.Bf4 Qb7 14.Qd2 O-O
15.Rac1 Qb6 16.Rc6 Qb5 17.Rfc1 Bb7 18.R6c5 Qe8 19.Rc7 Bc8 20.R1c3 f6 21.Bh6
{#r} 1-0

[Event "It (open) (a)"]
[Site "masterchessopen.com Polanica Zdroj (Poland)"]
[Date "2006.08.22"]
[Round "3"]
[White "Szwed Jacek (POL)"]
[Black "Janiszewski Maciej (POL)"]
[Result "1-0"]
[WhiteElo "2263"]
[BlackElo "2068"]

1.e4 c5 2.Nf3 Nc6 3.Bb5 g6 4.c3 Bg7 5.d4 cxd4 6.cxd4 Qb6 7.Nc3 Nxd4 8.Nd5 Qc5
9.Nxd4 Bxd4 10.O-O Be5 11.Be3 Qd6 12.f4 Bxb2 13.Rb1 Qa3 14.Bd4 Qa5 15.Rxb2 f6
16.Qc2 Kf7 17.Qc7 {#r} 1-0

[Event "Ch NATO"]
[Site "masterchessopen.com Berkshire "]
[Date "2006.08.25"]
[Round "7"]
[White "Marquinez Cabrejas F J (ESP)"]
[Black "Skindzier Saturnin (POL)"]
[Result "0-1"]
[WhiteElo "2104"]
[BlackElo "2196"]

1.e4 c5 2.Nf3 Nc6 3.Bb5 g6 4.Bxc6 dxc6 5.d3 Bg7 6.h3 Nf6 7.Nc3 O-O 8.Bf4 Ne8
9.Qd2 a5 10.Bh6 Bh8 11.h4 e5 12.Ne2 c4 13.Ng3 cxd3 14.O-O-O Bg4 15.Qxd3 Qb6
16.Qe3 Qxe3+ 17.Bxe3 {#R} 0-1

[Event "It (open) (a)"]
[Site "masterchessopen.com Polanica Zdroj (Poland)"]
[Date "2006.08.25"]
[Round "7"]
[White "Kupczyk Edyta (POL)"]
[Black "Janiszewski Maciej (POL)"]
[Result "1-0"]
[WhiteElo "2095"]
[BlackElo "2068"]

1.e4 c5 2.Nf3 Nc6 3.Bb5 g6 4.c3 Bg7 5.d4 cxd4 6.cxd4 Qb6 7.Nc3 Nxd4 8.Nd5 Qc5
9.Nxd4 Bxd4 10.O-O a6 11.Bf4 e5 12.Rc1 Qa7 13.Nc7+ Kd8 14.Bg5+ f6 15.Qf3 Bc5
16.Bxf6+ Nxf6 17.Qxf6+ Kxc7 18.Qxh8 axb5 19.b4 b6 20.bxc5 bxc5 21.Qxh7 Qb6
22.Qe7 {#r} 1-0

[Event "Tournament (active)"]
[Site "masterchessopen.com Alma-Ata (Kazakhstan)"]
[Date "2006.09.15"]
[Round "4"]
[White "Sadvakasov Darmen (KAZ)"]
[Black "Khusnutdinov Rustam (KAZ)"]
[Result "1-0"]
[WhiteElo "2596"]
[BlackElo "2411"]

1.e4 c5 2.Nf3 Nc6 3.Bb5 g6 4.O-O Bg7 5.c3 Nf6 6.Re1 O-O 7.d4 cxd4 8.cxd4 d5
9.e5 Ne4 10.Bxc6 bxc6 11.Nc3 Nxc3 12.bxc3 Bg4 13.Ba3 Re8 14.h3 Bxf3 15.Qxf3 e6
16.Rab1 Qa5 17.Rb7 Rf8 18.Bxf8 Rxf8 19.Reb1 Qxa2 20.Rb8 {#r} 1-0

[Event "Tournament (team)"]
[Site "masterchessopen.com Germany"]
[Date "2006.10.05"]
[Round "1"]
[White "Kritz Leonid (GER)"]
[Black "Ruisinger Werner (GER)"]
[Result "1-0"]
[WhiteElo "2597"]
[BlackElo "2175"]

1.e4 c5 2.Nf3 Nc6 3.Bb5 g6 4.Bxc6 bxc6 5.O-O Bg7 6.Re1 e5 7.c3 d6 8.d4 cxd4
9.cxd4 Bg4 10.dxe5 Bxf3 11.Qxf3 dxe5 12.Na3 Ne7 13.Rd1 Qc7 14.Bg5 O-O 15.Rac1
Rab8 16.Nc4 f6 17.Bd2 Nc8 18.Ba5 Nb6 19.Bb4 c5 20.Nd6 Na4 21.Qb3+ Kh8 22.Qxa4
{#r} 1-0

[Event "Czech League 2006/07 (2nd) (b)"]
[Site "masterchessopen.com Czech Republic"]
[Round "0"]
[White "Sindler Michal (CZE)"]
[Black "Vlasak Lukas (CZE)"]
[Result "1-0"]
[WhiteElo "2148"]
[BlackElo "2080"]

1.e4 c5 2.Nf3 Nc6 3.Bb5 g6 4.O-O Bg7 5.c3 e5 6.d4 cxd4 7.cxd4 exd4 8.Bf4 Nge7
9.Bd6 O-O 10.Nbd2 a6 11.Bc4 b5 12.Bd5 Re8 13.Bxf7+ Kh8 14.Bxe8 Qxe8 15.Nb3 Bb7
16.Nc5 Ra7 17.Nxb7 Rxb7 18.Bc5 Ng8 19.Re1 h6 20.e5 {#r} 1-0

[Event "Tournament (open)"]
[Site "masterchessopen.com Berdsk (Russia)"]
[Date "2007.01.09"]
[Round "6"]
[White "Gryazev Igor (RUS)"]
[Black "Khanin Semen (RUS)"]
[Result "1-0"]
[WhiteElo "1949"]
[BlackElo "2134"]

1.e4 c5 2.Nf3 Nc6 3.Bb5 g6 4.Bxc6 bxc6 5.c3 Bg7 6.d4 cxd4 7.cxd4 Nf6 8.Nc3 Ba6
9.Be3 O-O 10.Qc2 d5 11.e5 Nd7 12.h4 h5 13.Ng5 e6 14.g4 hxg4 15.h5 f5 16.exf6
Bxf6 17.Qxg6+ {#r} 1-0